000 00456cam a2200169ua 4500
020 _a0-8493-8483-4
041 _aeng
_h
082 _a658.575
_bMAG/IN
100 _aEdward, B Magrab .
245 _aIntegrated product and process design and development /
_cMagrab B Edward.
_hTextual Documents
260 _aBocaratton :
_bCRC Press Inc. ,
_c1997.
300 _a306 ; .
500 _a**Reference
504 _a
942 _cBK
999 _c11241
_d11241